"F" Cities in the United States - Statistics

General Stats
  • This quiz has been taken 69 times
  • The average score is 8 of 13
Answer Stats
State Population Answer % Correct
Texas 918,915 Fort Worth
95%
California 542,107 Fresno
93%
Indiana 263,886 Fort Wayne
85%
North Dakota 125,990 Fargo
84%
North Carolina 208,501 Fayetteville
64%
Colorado 169,810 Fort Collins
62%
California 230,504 Fremont
57%
Florida 182,760 Fort Lauderdale
52%
Texas 200,509 Frisco
38%
California 119,881 Fairfield
34%
California 208,393 Fontana
33%
California 143,617 Fullerton
33%
Washington 101,030 Federal Way
31%
No matching quizzes found
Score Distribution
Percent of People with Each Score
Percentile by Number Answered
Your Score History
You have not taken this quiz